| Tag |
First Indicator |
Second Indicator |
Subfields |
| LEADER |
00000cam a2200000 i 4500 |
| 001 |
in00000092484 |
| 005 |
20151008064229.0 |
| 008 |
770914s1972 dcu i00000 eng d |
| 035 |
|
|
|a (OCoLC)03262451
|
| 035 |
|
|
|9 AAK3784AM
|
| 040 |
|
|
|a KKU
|c KKU
|d m.c.
|d TXA
|d UtOrBLW
|
| 049 |
|
|
|a TXAM
|
| 090 |
|
|
|a HQ1239
|b .I55
|
| 245 |
0 |
0 |
|a Inter-American conventions on women.
|
| 264 |
|
1 |
|a Washington, D. C. :
|b General Secretariat, Organization of American States,
|c 1972.
|
| 300 |
|
|
|a v, 10 pages ;
|c 23 cm.
|
| 336 |
|
|
|a text
|b txt
|2 rdacontent
|
| 337 |
|
|
|a unmediated
|b n
|2 rdamedia
|
| 338 |
|
|
|a volume
|b nc
|2 rdacarrier
|
| 490 |
1 |
|
|a Treaty series ;
|v no. 38
|
| 500 |
|
|
|a OEA/Ser.X/8.
|
| 500 |
|
|
|a "Issued simultaneously in Spanish and English."
|
| 650 |
|
0 |
|a Women
|x Legal status, laws, etc.
|z America.
|
| 650 |
|
0 |
|a Women's rights
|z America.
|
| 650 |
|
0 |
|a Pan-American treaties and conventions.
|
| 710 |
2 |
|
|a Organization of American States.
|
| 830 |
|
0 |
|a Treaty series (Organization of American States. General Secretariat) ;
|v no. 38.
|
| 999 |
|
|
|a MARS
|
| 999 |
f |
f |
|s 2036cd8f-b74f-383d-9b67-0618bf118819
|i 90e3ed07-8e94-3467-b15e-cb0389681e68
|t 0
|
| 952 |
f |
f |
|p ric
|a Texas A&M University
|b Rellis Campus
|c Joint Library Facility
|d Remote Storage
|t 0
|e HQ1239 .I55
|h Library of Congress classification
|i unmediated -- volume
|m A14806143332
|
| 998 |
f |
f |
|a HQ1239 .I55
|t 0
|l Remote Storage
|